[Event "DEM U10 2018"]
[Site "Willingen GER"]
[Date "2018.05.21"]
[Round "3"]
[White "Strehse, Nelson"]
[Black "Costa, Leonardo"]
[Result "1/2-1/2"]
[Termination "normal"]
[Board "2"]
[WhiteElo "1201"]
[BlackElo "1848"]
[WhiteClock "00:17:11"]
[BlackClock "00:11:08"]
[PlyCount "74"]
[WhiteFideId "16228898"]
[BlackFideId "16213955"]
[EventCountry "GER"]
[EventRounds "11"]
[EventType "swiss"]
[EventDate "2018.05.19"]

1. e4 {[%clk 1:15:56]} 1... c5 {[%clk 1:15:56]} 2. Nf3 {[%clk 1:16:12]} 2... d6
{[%clk 1:16:20]} 3. d4 {[%clk 1:16:20]} 3... cxd4 {[%clk 1:16:46]} 4. Nxd4 {
[%clk 1:16:36]} 4... Nf6 {[%clk 1:17:10]} 5. Nc3 {[%clk 1:16:54]} 5... g6 {
[%clk 1:17:30]} 6. f3 {[%clk 1:16:52]} 6... Bg7 {[%clk 1:17:42]} 7. Be3 { [%clk
1:16:21]} 7... O-O {[%clk 1:18:02]} 8. Qd2 {[%clk 1:16:20]} 8... Nc6 { [%clk
1:17:57]} 9. O-O-O {[%clk 1:13:54]} 9... d5 {[%clk 1:18:07]} 10. exd5 { [%clk
1:11:30]} 10... Nxd5 {[%clk 1:18:22]} 11. Nxd5 {[%clk 1:11:19]} 11... Qxd5
{[%clk 1:18:43]} 12. Nxc6 {[%clk 1:11:20]} 12... Qxc6 {[%clk 1:07:46]} 13. Bh6
{[%clk 1:03:03]} 13... Be6 {[%clk 0:58:11]} 14. Bxg7 {[%clk 1:00:23]} 14...
Kxg7 {[%clk 0:58:30]} 15. Kb1 {[%clk 1:00:22]} 15... Rac8 {[%clk 0:52:16]} 16.
Bd3 {[%clk 0:59:39]} 16... Qa4 {[%clk 0:48:36]} 17. a3 {[%clk 0:54:13]} 17...
a5 {[%clk 0:42:13]} 18. Be4 {[%clk 0:52:49]} 18... Rfd8 {[%clk 0:34:04]} 19.
Qxd8 {[%clk 0:51:05]} 19... Rxd8 {[%clk 0:34:30]} 20. Rxd8 {[%clk 0:51:00]}
20... Qc4 {[%clk 0:32:27]} 21. b3 {[%clk 0:50:07]} 21... Qc7 {[%clk 0:30:39]}
22. Rd4 {[%clk 0:47:58]} 22... Qc5 {[%clk 0:29:24]} 23. Rhd1 {[%clk 0:45:33]}
23... Qxa3 {[%clk 0:28:28]} 24. Bd5 {[%clk 0:45:18]} 24... Bxd5 {[%clk 0:24:20]
} 25. Rxd5 {[%clk 0:45:21]} 25... Qb4 {[%clk 0:24:09]} 26. R5d4 {[%clk 0:45:01]
} 26... Qc5 {[%clk 0:23:42]} 27. R1d2 {[%clk 0:22:29]} 27... b6 {[%clk 0:21:15]
} 28. g3 {[%clk 0:22:03]} 28... Qf5 {[%clk 0:18:43]} 29. f4 {[%clk 0:21:55]}
29... Qe6 {[%clk 0:19:01]} 30. Kb2 {[%clk 0:21:35]} 30... Kf6 {[%clk 0:17:25]}
31. Rd5 {[%clk 0:20:58]} 31... h6 {[%clk 0:17:06]} 32. Re5 {[%clk 0:20:05]}
32... Qh3 {[%clk 0:14:57]} 33. Rb5 {[%clk 0:19:41]} 33... Qe6 {[%clk 0:14:35]}
34. Re5 {[%clk 0:19:26]} 34... Qh3 {[%clk 0:13:35]} 35. Rb5 {[%clk 0:19:39]}
35... Qe6 {[%clk 0:11:40]} 36. Re5 {[%clk 0:17:32]} 36... Qh3 {[%clk 0:11:08]}
37. Rb5 {[%clk 0:17:11]} 37... Qe6 1/2-1/2

[Event "DEM U10 2018"]
[Site "Willingen GER"]
[Date "2018.05.21"]
[Round "3"]
[White "Hagner, Bennet"]
[Black "Klaska, Philipp Leon"]
[Result "1/2-1/2"]
[Termination "normal"]
[Board "3"]
[WhiteElo "1833"]
[BlackElo "1272"]
[WhiteClock "00:10:35"]
[BlackClock "00:07:02"]
[PlyCount "105"]
[WhiteFideId "16224477"]
[BlackFideId "16238044"]
[EventCountry "GER"]
[EventRounds "11"]
[EventType "swiss"]
[EventDate "2018.05.19"]

1. e4 {[%clk 1:15:51]} 1... c5 {[%clk 1:15:55]} 2. Nf3 {[%clk 1:16:03]} 2... e6
{[%clk 1:16:16]} 3. d4 {[%clk 1:16:12]} 3... cxd4 {[%clk 1:16:39]} 4. Nxd4 {
[%clk 1:16:35]} 4... a6 {[%clk 1:17:03]} 5. Nc3 {[%clk 1:16:52]} 5... Qc7 {
[%clk 1:17:06]} 6. Bd3 {[%clk 1:16:20]} 6... b5 {[%clk 1:17:27]} 7. a3 { [%clk
1:16:37]} 7... Nf6 {[%clk 1:17:13]} 8. Be3 {[%clk 1:15:47]} 8... Bb7 { [%clk
1:17:10]} 9. O-O {[%clk 1:15:32]} 9... Be7 {[%clk 1:17:06]} 10. f4 { [%clk
1:15:40]} 10... O-O {[%clk 1:16:16]} 11. Kh1 {[%clk 1:10:11]} 11... d5 { [%clk
1:14:50]} 12. e5 {[%clk 1:09:56]} 12... Ne8 {[%clk 1:12:55]} 13. Rf3 { [%clk
1:09:41]} 13... g6 {[%clk 1:10:06]} 14. Rg3 {[%clk 1:04:29]} 14... Ng7 { [%clk
1:08:20]} 15. Qg4 {[%clk 1:04:05]} 15... Nd7 {[%clk 1:02:53]} 16. h4 { [%clk
1:02:24]} 16... h5 {[%clk 1:02:20]} 17. Qh3 {[%clk 1:02:17]} 17... Nc5 { [%clk
0:51:16]} 18. f5 {[%clk 0:42:33]} 18... Nxd3 {[%clk 0:50:40]} 19. cxd3 { [%clk
0:42:57]} 19... exf5 {[%clk 0:48:48]} 20. Nxf5 {[%clk 0:32:53]} 20... Nxf5
{[%clk 0:44:51]} 21. Qxf5 {[%clk 0:33:15]} 21... Bxh4 {[%clk 0:44:47]} 22. Qf4
{[%clk 0:21:13]} 22... Bxg3 {[%clk 0:44:24]} 23. Qxg3 {[%clk 0:21:34]} 23...
Rfe8 {[%clk 0:41:18]} 24. d4 {[%clk 0:21:43]} 24... Qd7 {[%clk 0:36:54]} 25.
Rf1 {[%clk 0:21:46]} 25... Qg4 {[%clk 0:36:09]} 26. Qf2 {[%clk 0:22:04]} 26...
Qf5 {[%clk 0:34:46]} 27. Qe2 {[%clk 0:21:25]} 27... Qd7 {[%clk 0:31:27]} 28.
Qf2 {[%clk 0:19:25]} 28... Qf5 {[%clk 0:28:03]} 29. Qe1 {[%clk 0:18:10]} 29...
Qd7 {[%clk 0:25:55]} 30. Qh4 {[%clk 0:18:24]} 30... Qe7 {[%clk 0:21:38]} 31.
Bg5 {[%clk 0:17:39]} 31... Qf8 {[%clk 0:18:35]} 32. Qf4 {[%clk 0:17:47]} 32...
Re6 {[%clk 0:17:22]} 33. Bf6 {[%clk 0:16:07]} 33... Rc8 {[%clk 0:16:37]} 34.
Qd2 {[%clk 0:12:19]} 34... Rc7 {[%clk 0:15:27]} 35. Ne2 {[%clk 0:12:32]} 35...
Rec6 {[%clk 0:15:00]} 36. Qg5 {[%clk 0:11:29]} 36... Rc2 {[%clk 0:14:14]} 37.
Nf4 {[%clk 0:11:47]} 37... Rc1 {[%clk 0:13:13]} 38. Rxc1 {[%clk 0:11:32]} 38...
Rxc1+ {[%clk 0:13:36]} 39. Kh2 {[%clk 0:11:56]} 39... Kh7 {[%clk 0:12:40] } 40.
Nxg6 {[%clk 0:10:50]} 40... Qh6 {[%clk 0:09:41]} 41. Nf8+ {[%clk 0:11:14] }
41... Qxf8 {[%clk 0:10:01]} 42. Qxc1 {[%clk 0:10:59]} 42... Qh6 { [%clk
0:09:54]} 43. Qc2+ {[%clk 0:10:52]} 43... Qg6 {[%clk 0:09:01]} 44. Qc7 { [%clk
0:11:08]} 44... h4 {[%clk 0:08:30]} 45. Kh1 {[%clk 0:10:53]} 45... h3 { [%clk
0:07:38]} 46. gxh3 {[%clk 0:10:59]} 46... Qe4+ {[%clk 0:07:58]} 47. Kh2 { [%clk
0:11:21]} 47... Qf4+ {[%clk 0:07:51]} 48. Kg2 {[%clk 0:11:41]} 48... Qe4+
{[%clk 0:07:36]} 49. Kg3 {[%clk 0:11:30]} 49... Qe3+ {[%clk 0:07:26]} 50. Kg4 {
[%clk 0:10:20]} 50... Qe4+ {[%clk 0:07:29]} 51. Kg5 {[%clk 0:10:05]} 51... Qe3+
{[%clk 0:07:10]} 52. Kh5 {[%clk 0:10:27]} 52... Qf3+ {[%clk 0:07:02]} 53. Kg5 {
[%clk 0:10:35]} 1/2-1/2

[Event "DEM U10 2018"]
[Site "Willingen GER"]
[Date "2018.05.21"]
[Round "3"]
[White "Müller, Maximilian"]
[Black "Sundui, Chinguun"]
[Result "1-0"]
[Termination "normal"]
[Board "5"]
[WhiteElo "1497"]
[BlackElo "1424"]
[WhiteClock "00:56:31"]
[BlackClock "00:39:32"]
[PlyCount "67"]
[WhiteFideId "16243552"]
[BlackFideId "4907930"]
[EventCountry "GER"]
[EventRounds "11"]
[EventType "swiss"]
[EventDate "2018.05.19"]

1. d4 {[%clk 1:15:58]} 1... Nf6 {[%clk 1:15:54]} 2. c4 {[%clk 1:16:23]} 2... e6
{[%clk 1:16:18]} 3. Nc3 {[%clk 1:16:33]} 3... Bb4 {[%clk 1:16:42]} 4. Bd2 {
[%clk 1:15:13]} 4... c5 {[%clk 1:16:42]} 5. e3 {[%clk 1:15:31]} 5... Nc6 {
[%clk 1:16:42]} 6. Nf3 {[%clk 1:14:00]} 6... O-O {[%clk 1:16:47]} 7. Bd3 {
[%clk 1:13:25]} 7... b6 {[%clk 1:09:45]} 8. O-O {[%clk 1:13:30]} 8... Bb7 {
[%clk 1:09:46]} 9. Ne4 {[%clk 1:12:51]} 9... Bxd2 {[%clk 1:06:33]} 10. Qxd2 {
[%clk 1:08:56]} 10... Nxe4 {[%clk 1:06:29]} 11. Bxe4 {[%clk 1:09:19]} 11... d6
{[%clk 1:01:38]} 12. d5 {[%clk 1:04:33]} 12... exd5 {[%clk 1:01:13]} 13. Bxd5 {
[%clk 1:04:53]} 13... Qc7 {[%clk 0:57:49]} 14. Rad1 {[%clk 1:02:31]} 14... Rad8
{[%clk 0:57:19]} 15. Qe2 {[%clk 1:01:37]} 15... Ne5 {[%clk 0:54:37]} 16. Bxb7 {
[%clk 1:01:31]} 16... Qxb7 {[%clk 0:54:57]} 17. Nxe5 {[%clk 1:01:55]} 17...
dxe5 {[%clk 0:55:15]} 18. Rd3 {[%clk 1:01:07]} 18... Rd7 {[%clk 0:48:59]} 19.
Rxd7 {[%clk 0:59:13]} 19... Qxd7 {[%clk 0:49:12]} 20. Rd1 {[%clk 0:59:40]}
20... Qe7 {[%clk 0:47:13]} 21. Qd3 {[%clk 0:59:55]} 21... h6 {[%clk 0:46:50]}
22. Qd7 {[%clk 0:59:55]} 22... Re8 {[%clk 0:47:06]} 23. Kf1 {[%clk 0:58:38]}
23... Kf8 {[%clk 0:46:28]} 24. Ke2 {[%clk 0:58:11]} 24... Qxd7 {[%clk 0:46:29]}
25. Rxd7 {[%clk 0:58:34]} 25... Re7 {[%clk 0:46:53]} 26. Rd5 {[%clk 0:57:34]}
26... Ke8 {[%clk 0:45:33]} 27. a4 {[%clk 0:57:33]} 27... f6 {[%clk 0:45:20]}
28. Kd3 {[%clk 0:57:27]} 28... Rd7 {[%clk 0:45:40]} 29. Ke4 {[%clk 0:57:25]}
29... g6 {[%clk 0:45:27]} 30. Rxd7 {[%clk 0:56:23]} 30... Kxd7 {[%clk 0:45:55]}
31. Kd5 {[%clk 0:56:46]} 31... e4 {[%clk 0:40:38]} 32. g4 {[%clk 0:56:19]}
32... a6 {[%clk 0:39:37]} 33. a5 {[%clk 0:56:09]} 33... b5 {[%clk 0:39:32]} 34.
cxb5 {[%clk 0:56:31]} 1-0

[Event "DEM U10 2018"]
[Site "Willingen GER"]
[Date "2018.05.21"]
[Round "3"]
[White "Krüger, Arthur"]
[Black "Nitsche, Nikolai"]
[Result "1-0"]
[Termination "normal"]
[Board "6"]
[WhiteElo "1549"]
[BlackElo "1810"]
[WhiteClock "00:38:55"]
[BlackClock "00:57:29"]
[PlyCount "37"]
[WhiteFideId "16244966"]
[BlackFideId "16221036"]
[EventCountry "GER"]
[EventRounds "11"]
[EventType "swiss"]
[EventDate "2018.05.19"]

1. e4 {[%clk 1:15:56]} 1... e6 {[%clk 1:15:45]} 2. d4 {[%clk 1:16:15]} 2... d5
{[%clk 1:16:09]} 3. Nc3 {[%clk 1:15:52]} 3... Nf6 {[%clk 1:16:16]} 4. Bg5 {
[%clk 1:15:38]} 4... Be7 {[%clk 1:16:32]} 5. e5 {[%clk 1:15:43]} 5... Nfd7 {
[%clk 1:16:52]} 6. Bxe7 {[%clk 1:14:34]} 6... Qxe7 {[%clk 1:16:53]} 7. f4 {
[%clk 1:14:13]} 7... a6 {[%clk 1:16:53]} 8. Nf3 {[%clk 1:13:09]} 8... c5 {
[%clk 1:17:02]} 9. Qd2 {[%clk 1:11:57]} 9... Nc6 {[%clk 1:16:37]} 10. dxc5 {
[%clk 1:11:03]} 10... Nxc5 {[%clk 1:15:38]} 11. a3 {[%clk 1:08:49]} 11... b5 {
[%clk 1:14:14]} 12. b4 {[%clk 1:07:20]} 12... Nd7 {[%clk 1:14:04]} 13. Bd3 {
[%clk 1:05:22]} 13... Nb6 {[%clk 1:13:17]} 14. O-O {[%clk 1:02:48]} 14... Bb7 {
[%clk 1:11:58]} 15. Rfe1 {[%clk 0:58:25]} 15... Rc8 {[%clk 1:09:45]} 16. f5 {
[%clk 0:54:38]} 16... O-O {[%clk 1:03:43]} 17. f6 {[%clk 0:41:09]} 17... Qd8 {
[%clk 1:00:21]} 18. Qg5 {[%clk 0:39:07]} 18... g6 {[%clk 0:57:29]} 19. Qh6 {
[%clk 0:38:55]} 1-0

[Event "DEM U10 2018"]
[Site "Willingen GER"]
[Date "2018.05.21"]
[Round "3"]
[White "Ermitsch, Magnus"]
[Black "Sommer, Justus"]
[Result "0-1"]
[Termination "normal"]
[Board "7"]
[WhiteElo "1560"]
[BlackElo "1459"]
[WhiteClock "00:23:17"]
[BlackClock "01:10:52"]
[PlyCount "124"]
[WhiteFideId "16234464"]
[BlackFideId "16245008"]
[EventCountry "GER"]
[EventRounds "11"]
[EventType "swiss"]
[EventDate "2018.05.19"]

1. e4 {[%clk 1:14:47]} 1... e5 {[%clk 1:15:45]} 2. Nf3 {[%clk 1:14:28]} 2...
Nc6 {[%clk 1:16:06]} 3. Bc4 {[%clk 1:14:02]} 3... Bc5 {[%clk 1:16:25]} 4. c3 {
[%clk 1:14:18]} 4... Nf6 {[%clk 1:16:47]} 5. d4 {[%clk 1:13:48]} 5... exd4 {
[%clk 1:16:21]} 6. O-O {[%clk 1:13:39]} 6... O-O {[%clk 1:15:39]} 7. cxd4 {
[%clk 1:13:38]} 7... Bb6 {[%clk 1:15:41]} 8. d5 {[%clk 1:13:55]} 8... Ne7 {
[%clk 1:15:16]} 9. e5 {[%clk 1:14:18]} 9... Ne4 {[%clk 1:15:05]} 10. Qc2 {
[%clk 1:12:49]} 10... Nxf2 {[%clk 1:14:40]} 11. Rxf2 {[%clk 1:13:05]} 11...
Bxf2+ {[%clk 1:15:04]} 12. Qxf2 {[%clk 1:13:24]} 12... d6 {[%clk 1:14:36]} 13.
Qe2 {[%clk 1:09:50]} 13... Bg4 {[%clk 1:13:53]} 14. exd6 {[%clk 1:04:27]} 14...
Qxd6 {[%clk 1:13:00]} 15. Qe5 {[%clk 0:57:54]} 15... Qxe5 {[%clk 1:12:22]} 16.
Nxe5 {[%clk 0:58:12]} 16... Bf5 {[%clk 1:12:13]} 17. Nc3 {[%clk 0:58:32]} 17...
Kh8 {[%clk 1:10:50]} 18. d6 {[%clk 0:57:40]} 18... cxd6 {[%clk 1:11:15]} 19.
Nxf7+ {[%clk 0:58:00]} 19... Kg8 {[%clk 1:11:35]} 20. Nxd6+ {[%clk 0:58:13]}
20... Kh8 {[%clk 1:11:57]} 21. Bg5 {[%clk 0:56:25]} 21... Nc6 {[%clk 1:11:57]}
22. Rf1 {[%clk 0:54:14]} 22... Bg6 {[%clk 1:11:51]} 23. Re1 {[%clk 0:43:52]}
23... h6 {[%clk 1:11:08]} 24. Bh4 {[%clk 0:42:09]} 24... Rf4 {[%clk 1:11:08]}
25. Bg3 {[%clk 0:42:28]} 25... Rd4 {[%clk 1:11:09]} 26. Ncb5 {[%clk 0:41:29]}
26... Rd2 {[%clk 1:10:51]} 27. Bf4 {[%clk 0:32:37]} 27... Rxb2 {[%clk 1:09:45]}
28. Bb3 {[%clk 0:32:57]} 28... a6 {[%clk 1:09:45]} 29. Nc3 {[%clk 0:32:05]}
29... Rf8 {[%clk 1:07:58]} 30. Nc4 {[%clk 0:32:06]} 30... Rxb3 {[%clk 1:08:16]}
31. axb3 {[%clk 0:31:43]} 31... Rxf4 {[%clk 1:08:32]} 32. Nd5 {[%clk 0:30:38]}
32... Re4 {[%clk 1:07:23]} 33. Kf2 {[%clk 0:22:57]} 33... Rxe1 {[%clk 1:07:45]}
34. Kxe1 {[%clk 0:23:15]} 34... Bc2 {[%clk 1:07:34]} 35. Nd2 {[%clk 0:22:58]}
35... Nd4 {[%clk 1:07:21]} 36. b4 {[%clk 0:22:01]} 36... Kg8 {[%clk 1:07:31]}
37. Ne3 {[%clk 0:21:33]} 37... Bd3 {[%clk 1:07:24]} 38. Kd1 {[%clk 0:21:40]}
38... Nc6 {[%clk 1:07:35]} 39. Nd5 {[%clk 0:21:09]} 39... Kf7 {[%clk 1:07:14]}
40. Kc1 {[%clk 0:21:30]} 40... Bf5 {[%clk 1:06:50]} 41. Nc7 {[%clk 0:21:24]}
41... Nxb4 {[%clk 1:07:03]} 42. Nc4 {[%clk 0:20:57]} 42... Ke7 {[%clk 1:06:22]}
43. Na8 {[%clk 0:20:13]} 43... Nd5 {[%clk 1:06:16]} 44. Nab6 {[%clk 0:18:57]}
44... Nxb6 {[%clk 1:06:11]} 45. Nxb6 {[%clk 0:19:27]} 45... Kd6 {[%clk 1:06:27]
} 46. Nc4+ {[%clk 0:19:55]} 46... Kc5 {[%clk 1:06:46]} 47. Ne3 {[%clk 0:20:15]}
47... Be4 {[%clk 1:06:58]} 48. g3 {[%clk 0:20:35]} 48... b5 {[%clk 1:07:22]}
49. Nd1 {[%clk 0:20:35]} 49... b4 {[%clk 1:07:30]} 50. Nf2 {[%clk 0:20:55]}
50... Bd5 {[%clk 1:07:48]} 51. Kb2 {[%clk 0:21:04]} 51... a5 {[%clk 1:08:11]}
52. Nd3+ {[%clk 0:21:11]} 52... Kd4 {[%clk 1:08:24]} 53. Nf4 {[%clk 0:21:32]}
53... a4 {[%clk 1:08:39]} 54. Ne2+ {[%clk 0:21:39]} 54... Ke3 {[%clk 1:08:58]}
55. Nc1 {[%clk 0:22:02]} 55... a3+ {[%clk 1:09:20]} 56. Kb1 {[%clk 0:22:17]}
56... b3 {[%clk 1:09:32]} 57. g4 {[%clk 0:22:30]} 57... b2 {[%clk 1:09:39]} 58.
Nd3 {[%clk 0:22:01]} 58... Be4 {[%clk 1:09:52]} 59. g5 {[%clk 0:22:18]} 59...
Bxd3+ {[%clk 1:10:09]} 60. Ka2 {[%clk 0:22:40]} 60... b1=Q+ {[%clk 1:10:17]}
61. Kxa3 {[%clk 0:22:50]} 61... Bc4 {[%clk 1:10:28]} 62. gxh6 {[%clk 0:23:17]}
62... Qb3# {[%clk 1:10:52]} 0-1

[Event "DEM U10 2018"]
[Site "Willingen GER"]
[Date "2018.05.21"]
[Round "3"]
[White "Kempe, Caius Emilian"]
[Black "Linnemann, Caspar"]
[Result "1/2-1/2"]
[Termination "normal"]
[Board "9"]
[WhiteElo "1522"]
[BlackElo "1408"]
[WhiteClock "01:03:20"]
[BlackClock "00:59:43"]
[PlyCount "70"]
[WhiteFideId "16246861"]
[BlackFideId "16200284"]
[EventCountry "GER"]
[EventRounds "11"]
[EventType "swiss"]
[EventDate "2018.05.19"]

1. d4 {[%clk 1:15:56]} 1... d5 {[%clk 1:15:52]} 2. Nc3 {[%clk 1:16:20]} 2...
Nc6 {[%clk 1:15:59]} 3. Bg5 {[%clk 1:16:13]} 3... Bf5 {[%clk 1:15:02]} 4. e3 {
[%clk 1:16:08]} 4... Nf6 {[%clk 1:14:37]} 5. Bxf6 {[%clk 1:16:30]} 5... gxf6 {
[%clk 1:14:50]} 6. Nf3 {[%clk 1:16:48]} 6... e6 {[%clk 1:13:34]} 7. a3 { [%clk
1:15:56]} 7... a6 {[%clk 1:12:47]} 8. Bd3 {[%clk 1:16:14]} 8... Bg6 { [%clk
1:11:50]} 9. Qd2 {[%clk 1:13:41]} 9... Be7 {[%clk 1:11:25]} 10. O-O { [%clk
1:13:45]} 10... Qd7 {[%clk 1:11:33]} 11. Bxg6 {[%clk 1:12:12]} 11... fxg6
{[%clk 1:11:19]} 12. e4 {[%clk 1:12:30]} 12... O-O-O {[%clk 1:09:32]} 13. exd5
{[%clk 1:12:23]} 13... exd5 {[%clk 1:09:36]} 14. Rfe1 {[%clk 1:11:39]} 14... h5
{[%clk 1:07:35]} 15. b4 {[%clk 1:11:40]} 15... Na7 {[%clk 1:06:34]} 16. Reb1 {
[%clk 1:10:00]} 16... h4 {[%clk 1:05:19]} 17. Qe2 {[%clk 1:04:34]} 17... Rde8 {
[%clk 1:04:30]} 18. Qd3 {[%clk 1:04:52]} 18... g5 {[%clk 1:03:12]} 19. b5 {
[%clk 1:05:05]} 19... axb5 {[%clk 1:03:03]} 20. Nxb5 {[%clk 1:05:18]} 20...
Nxb5 {[%clk 1:02:45]} 21. Qxb5 {[%clk 1:04:59]} 21... Qxb5 {[%clk 1:02:39]} 22.
Rxb5 {[%clk 1:05:19]} 22... c6 {[%clk 1:02:28]} 23. Rb3 {[%clk 1:05:26]} 23...
Kc7 {[%clk 1:01:55]} 24. Rab1 {[%clk 1:05:17]} 24... Rb8 {[%clk 1:01:50]} 25.
Re3 {[%clk 1:04:44]} 25... Bd6 {[%clk 1:01:45]} 26. a4 {[%clk 1:03:43]} 26...
Rhe8 {[%clk 1:01:52]} 27. Rxe8 {[%clk 1:03:33]} 27... Rxe8 {[%clk 1:02:11]} 28.
Kf1 {[%clk 1:03:51]} 28... Re4 {[%clk 1:00:10]} 29. Re1 {[%clk 1:03:46]} 29...
Rxe1+ {[%clk 1:00:17]} 30. Kxe1 {[%clk 1:04:04]} 30... Kb6 {[%clk 1:00:31]} 31.
Ke2 {[%clk 1:04:16]} 31... Ka5 {[%clk 1:00:48]} 32. h3 {[%clk 1:03:51]} 32...
Kxa4 {[%clk 1:01:04]} 33. Ne1 {[%clk 1:03:28]} 33... Bb4 {[%clk 1:00:45]} 34.
Nd3 {[%clk 1:03:44]} 34... b6 {[%clk 1:00:47]} 35. f4 {[%clk 1:03:20]} 35...
Bd6 {[%clk 0:59:43]} 1/2-1/2

[Event "DEM U10 2018"]
[Site "Willingen GER"]
[Date "2018.05.21"]
[Round "3"]
[White "Bräutigam, Alexander"]
[Black "Poschadel, Andreas Gregor"]
[Result "0-1"]
[Termination "normal"]
[Board "10"]
[WhiteElo "1323"]
[BlackElo "1771"]
[WhiteClock "00:57:45"]
[BlackClock "00:10:15"]
[PlyCount "130"]
[WhiteFideId "16245210"]
[BlackFideId "16204948"]
[EventCountry "GER"]
[EventRounds "11"]
[EventType "swiss"]
[EventDate "2018.05.19"]

1. c4 {[%clk 1:15:57]} 1... e5 {[%clk 1:15:52]} 2. Nc3 {[%clk 1:16:21]} 2...
Nf6 {[%clk 1:16:13]} 3. g3 {[%clk 1:16:35]} 3... d5 {[%clk 1:15:30]} 4. cxd5 {
[%clk 1:16:57]} 4... Nxd5 {[%clk 1:15:53]} 5. Bg2 {[%clk 1:17:21]} 5... Nxc3 6.
bxc3 {[%clk 1:17:32]} 6... c6 {[%clk 1:09:56]} 7. Bb2 {[%clk 1:17:13]} 7... Be7
{[%clk 1:06:12]} 8. e3 {[%clk 1:15:48]} 8... O-O {[%clk 1:01:34]} 9. Ne2 {
[%clk 1:15:11]} 9... Re8 {[%clk 0:58:30]} 10. O-O {[%clk 1:14:50]} 10... Be6 {
[%clk 0:53:42]} 11. f4 {[%clk 1:14:19]} 11... Qb6 {[%clk 0:47:30]} 12. Qc1 {
[%clk 1:12:36]} 12... Bc4 {[%clk 0:42:13]} 13. Re1 {[%clk 1:11:14]} 13... Qb5 {
[%clk 0:40:04]} 14. Bf1 {[%clk 1:10:38]} 14... exf4 {[%clk 0:34:46]} 15. Nxf4 {
[%clk 1:10:47]} 15... Bxf1 {[%clk 0:33:59]} 16. Rxf1 {[%clk 1:10:58]} 16... Na6
{[%clk 0:30:55]} 17. c4 {[%clk 1:10:24]} 17... Qg5 {[%clk 0:29:16]} 18. a3 {
[%clk 1:08:21]} 18... Nc5 {[%clk 0:28:38]} 19. Qc2 {[%clk 1:06:53]} 19... Bd6 {
[%clk 0:24:10]} 20. Rf3 {[%clk 1:04:06]} 20... Bxf4 {[%clk 0:18:59]} 21. Rxf4 {
[%clk 1:04:07]} 21... Rad8 {[%clk 0:18:14]} 22. Raf1 {[%clk 1:03:26]} 22... Rf8
{[%clk 0:16:32]} 23. Qc3 {[%clk 1:02:02]} 23... Nd3 {[%clk 0:14:33]} 24. R4f3 {
[%clk 0:59:27]} 24... Nxb2 {[%clk 0:13:57]} 25. Qxb2 {[%clk 0:59:48]} 25... Rd7
{[%clk 0:14:10]} 26. d4 {[%clk 0:58:40]} 26... Re8 {[%clk 0:11:44]} 27. Qf2 {
[%clk 0:58:40]} 27... f6 {[%clk 0:11:12]} 28. Re1 {[%clk 0:56:32]} 28... Qa5 {
[%clk 0:11:08]} 29. Ra1 {[%clk 0:55:57]} 29... Qc3 {[%clk 0:11:00]} 30. Qe1 {
[%clk 0:51:55]} 30... Qxc4 {[%clk 0:10:14]} 31. Qf1 {[%clk 0:51:27]} 31... Qc3
{[%clk 0:09:25]} 32. Qe1 {[%clk 0:51:33]} 32... Qxe1+ {[%clk 0:09:07]} 33. Rxe1
{[%clk 0:51:54]} 33... Rxd4 {[%clk 0:09:28]} 34. exd4 {[%clk 0:52:03]} 34...
Rxe1+ {[%clk 0:09:51]} 35. Kf2 {[%clk 0:52:25]} 35... Rd1 {[%clk 0:09:47]} 36.
Ke3 {[%clk 0:52:46]} 36... Kf7 {[%clk 0:09:15]} 37. Ke4 {[%clk 0:53:13]} 37...
Ke6 {[%clk 0:08:05]} 38. Rb3 {[%clk 0:53:32]} 38... b6 {[%clk 0:07:32]} 39. Rc3
{[%clk 0:53:09]} 39... Re1+ {[%clk 0:04:44]} 40. Kf4 {[%clk 0:52:23]} 40... Kd5
{[%clk 0:05:02]} 41. g4 {[%clk 0:52:11]} 41... Rf1+ {[%clk 0:03:20]} 42. Ke3 {
[%clk 0:52:24]} 42... Rh1 {[%clk 0:02:43]} 43. h4 {[%clk 0:52:06]} 43... Rh3+ {
[%clk 0:03:00]} 44. Kd2 {[%clk 0:52:28]} 44... Rxc3 {[%clk 0:03:25]} 45. Kxc3 {
[%clk 0:52:54]} 45... c5 {[%clk 0:03:51]} 46. dxc5 {[%clk 0:53:05]} 46... Kxc5
{[%clk 0:04:19]} 47. h5 {[%clk 0:53:03]} 47... g6 {[%clk 0:04:36]} 48. h6 {
[%clk 0:52:58]} 48... b5 {[%clk 0:04:43]} 49. Kd3 {[%clk 0:53:16]} 49... Kd5 {
[%clk 0:04:45]} 50. Kc3 {[%clk 0:53:39]} 50... a5 {[%clk 0:05:11]} 51. Kb3 {
[%clk 0:53:52]} 51... Ke4 {[%clk 0:05:30]} 52. Kc3 {[%clk 0:53:59]} 52... Kf4 {
[%clk 0:05:48]} 53. Kd4 {[%clk 0:54:25]} 53... b4 {[%clk 0:06:13]} 54. axb4 {
[%clk 0:54:45]} 54... axb4 {[%clk 0:06:39]} 55. Kd5 {[%clk 0:55:13]} 55... b3 {
[%clk 0:07:02]} 56. Ke6 {[%clk 0:55:39]} 56... b2 {[%clk 0:07:29]} 57. Kxf6 {
[%clk 0:55:52]} 57... b1=Q {[%clk 0:07:54]} 58. Kg7 {[%clk 0:55:50]} 58... g5 {
[%clk 0:08:13]} 59. Kf6 {[%clk 0:56:06]} 59... Kxg4 {[%clk 0:08:38]} 60. Kf7 {
[%clk 0:56:29]} 60... Qg6+ {[%clk 0:08:59]} 61. Kf8 {[%clk 0:56:40]} 61...
Qxh6+ {[%clk 0:09:23]} 62. Kg8 {[%clk 0:57:02]} 62... Kf5 {[%clk 0:09:18]} 63.
Kf7 {[%clk 0:57:20]} 63... g4 {[%clk 0:09:24]} 64. Kg8 {[%clk 0:57:35]} 64...
Kg6 {[%clk 0:09:48]} 65. Kh8 {[%clk 0:57:45]} 65... Qf8# {[%clk 0:10:15]} 0-1